Buddhist hybrid Sanskrit grammer and dictionary (Record no. 343066)

000 -LEADER
fixed length control field 00447cam a22001337a 4500
008 - FIXED-LENGTH DATA ELEMENTS--GENERAL INFORMATION
fixed length control field 180718b1985 xxu||||| |||| 00| 0 eng d
082 ## - DEWEY DECIMAL CLASSIFICATION NUMBER
Classification number A32 SAN/B859
100 ## - MAIN ENTRY--PERSONAL NAME
Personal name Edgerton, Franklin
245 ## - TITLE STATEMENT
Title Buddhist hybrid Sanskrit grammer and dictionary
Statement of responsibility, etc. by Franklin Edgerton
260 ## - PUBLICATION, DISTRIBUTION, ETC.
Place of publication, distribution, etc. Delhi
Name of publisher, distributor, etc. Motilal Banarsidass
Date of publication, distribution, etc. 1985
300 ## - PHYSICAL DESCRIPTION
Extent 2v.
500 ## - GENERAL NOTE
General note Contents; v.1. Grammar, 239p.; v.2. Dictionary, 627p.
650 ## - SUBJECT ADDED ENTRY--TOPICAL TERM
Topical term or geographic name entry element Sanskrit language - Dictionaries
Holdings
Withdrawn status Lost status Damaged status Not for loan Permanent Location Current Location Date acquired Full call number Barcode Date last seen Price effective from Koha item type
        Indian Institute of Public Administration Indian Institute of Public Administration 1993-09-28 A32 SAN/B859 62661 2018-07-21 2018-07-21 Book
        Indian Institute of Public Administration Indian Institute of Public Administration 1993-09-28 A32 SAN/B859 62660 2018-07-21 2018-07-21 Book

Powered by Koha